000 00298nam a2200109Ia 4500
008 171211s9999 xx 000 0 und d
245 _aNew Mythologies in Design and Culture
245 _cRebecca Houze
260 _c2014
650 _xDesign
856 _uhttp://down.ebook777.com/062/0857855212.pdf
999 _c347897
_d347897